000 00458nam a22001817a 4500
003 MPLRDC
005 20220104142327.0
008 210129b ||||| |||| 00| 0 eng d
020 _a978-7-5086-2119-7
082 _a191 SMI
100 _aROBERT ROWLAND SMITH
245 _a与苏格拉底吃早餐
_c焦建 译
250 _a一版一刷
260 _a中国
_b中信出版社
_c2010
300 _b268
650 _a人生哲学
942 _cBK
_o191 SMI
999 _c29923
_d29913